Vnímanie úrovne pripravenosti pre trh práce zo strany absolventov vysokých škôl a zamestnávateľov

Problematika hodnotenia kvality vysokoškolského vzdelávania z pohľadu absolventov a zamestnávateľov.

Salvato in:
Dettagli Bibliografici
Autore principale: Blanár, František
Natura: Capitolo di libro
Lingua:slovacco
Soggetti:
Tags: Aggiungi Tag
Nessun Tag, puoi essere il primo ad aggiungerne!!

MARC

LEADER 00000naa a2200000 4500
001 0240877
005 20220715112413.7
041 0 |a slo 
044 |a SK 
245 1 0 |a Vnímanie úrovne pripravenosti pre trh práce zo strany absolventov vysokých škôl a zamestnávateľov  |c František Blanár 
520 |a Problematika hodnotenia kvality vysokoškolského vzdelávania z pohľadu absolventov a zamestnávateľov. 
610 2 0 |a kvalita vzdelávania 
610 2 0 |a školy vysoké 
610 2 0 |a univerzity 
610 2 0 |a absolventi 
610 2 0 |a zamestnávatelia 
610 2 0 |a úroveň vzdelanostná 
610 2 0 |a trh práce 
100 1 |a Blanár, František